| 000 | 00527nam a22001817a 4500 | ||
|---|---|---|---|
| 999 |
_c7785 _d7786 |
||
| 008 | 190404b ||||| |||| 00| 0 eng d | ||
| 020 | _a0131889338 | ||
| 082 | _a610.73 B52k 2008 | ||
| 100 | _aBerman, Audrey | ||
| 245 | _aKozier and Erbs Fundamentals of Nursing : Concepts, Process and Practice. | ||
| 250 | _a8th ed. | ||
| 260 |
_aSouth Asia ; _bDorling Kindersley, _c2008 |
||
| 300 |
_axxv, 1564 p. _bill. _c28 cm. |
||
| 700 | _aSynder, Shirlee J. | ||
| 700 | _akozier Barbara. | ||
| 700 | _aErb, Glenora. | ||
| 942 | _2ddc | ||